000 01609cam a2200373 a 4500
999 _c328613
_d328613
001 15264433
003 Nust
005 20170412135515.0
008 080416s2008 nyua 000 1deng
010 _a 2008017453
020 _a9780060834883
020 _a0060834889
035 _a(OCoLC)225852440
035 _a(OCoLC)ocn225852440
040 _aDLC
_cDLC
_dBAKER
_dYDXCP
_dC#P
_dBWK
_dBWX
_dVP@
_dDLC
043 _ae-uk---
_af-rh---
050 0 0 _aPR6023.E833
_bA78 2008
082 0 0 _a823.914 LES
_222
100 1 _aLessing, Doris,
_d1919-2013.
245 1 0 _aAlfred and Emily /
_cDoris Lessing.
250 _a1st U.S. ed.
260 _aNew York :
_bHarper,
_cc2008.
300 _aviii, 274 p. :
_bill. ;
_c22 cm.
600 1 0 _aLessing, Doris,
_d1919-2013
_xFamily
_vFiction.
600 1 0 _aLessing, Doris,
_d1919-2013
_xFamily
_vBiography.
650 0 _aWorld War, 1914-1918
_xCasualties
_vBiography.
650 0 _aAmputees
_zGreat Britain
_vBiography.
650 0 _aBritish
_zZimbabwe
_vBiography.
650 0 _aWorld War, 1914-1918
_xSocial aspects.
650 0 _aWorld War, 1914-1918
_xPsychological aspects.
856 4 2 _3Contributor biographical information
_uhttp://www.loc.gov/catdir/enhancements/fy0910/2008017453-b.html
856 4 2 _3Publisher description
_uhttp://www.loc.gov/catdir/enhancements/fy0910/2008017453-d.html
906 _a7
_bcbc
_corignew
_d1
_eecip
_f20
_gy-gencatlg
942 _2ddc
_cBK